| 000 | 01236pam a2200325 a 4500 | ||
|---|---|---|---|
| 999 |
_c4901 _d4901 |
||
| 001 | 4343123 | ||
| 003 | OSt | ||
| 005 | 20220330113008.0 | ||
| 008 | 890302s1990 nyua b 001 0 eng c | ||
| 010 | _a 89003223 | ||
| 020 | _a0195048970 (alk. paper) | ||
| 040 |
_aDNLM/DLC _cDLC _dDLC |
||
| 050 | 0 | 0 |
_aRA441 _b.B37 1990 |
| 060 | _aWA 540.1 B298i | ||
| 082 | 0 | 0 |
_a362.1 _219 |
| 100 | 1 |
_aBasch, Paul F. _q(Paul Frederick), _d1933-2001. |
|
| 245 | 1 | 0 |
_aTextbook of international health / _cPaul F. Basch. |
| 260 |
_aNew York : _bOxford University Press, _cc1990. |
||
| 300 |
_axvii, 423 p. : _bill. ; _c25 cm. |
||
| 500 | _aRev. ed. of: International health. 1978. | ||
| 504 | _aIncludes bibliographies and index. | ||
| 650 | 0 | _aWorld health. | |
| 650 | 2 | _aWorld Health. | |
| 700 | 1 |
_aBasch, Paul F., _d1933- _tInternational health. |
|
| 856 | 4 | 2 |
_3Publisher description _uhttp://www.loc.gov/catdir/enhancements/fy0639/89003223-d.html |
| 856 | 4 | 1 |
_3Table of contents only _uhttp://www.loc.gov/catdir/enhancements/fy0639/89003223-t.html |
| 856 | 4 | 2 |
_3Contributor biographical information _uhttp://www.loc.gov/catdir/enhancements/fy0725/89003223-b.html |
| 906 |
_a7 _bcbc _corignew _d1 _eocip _f19 _gy-gencatlg |
||
| 942 |
_2lcc _cBK _nCM |
||